Tratado de polt̕ica criminal Proyecto alternativo de Cd̤igo penal espaǫl Tomo III

Detalles Bibliográficos
Autor principal: Blanco Lozano, Carlos
Formato: Desconocido
Lenguaje:español
Publicado: Barcelona : BOSCH EDITOR, 2007
Materias:
Acceso en línea:Acceso restringido

MARC

LEADER 00000ny a22000003n 4500
005 2011062301541.0
006 m u
007 cr cn|||||||||
008 200805r20072008sp |||||s|||||||||||spa d
020 |a 9788476987636 
035 |a 2013 
040 |a FlNmELB  |c FlNmELB  |d vlex 
050 1 4 |a KKT3790  |b B641 2007eb 
080 |a 343.9(460) 
090 |c 1204  |d 1204 
100 1 |a Blanco Lozano, Carlos 
245 1 0 |a Tratado de polt̕ica criminal  |h [Recurso electrn̤ico]  |b Proyecto alternativo de Cd̤igo penal espaǫl  |c Carlos Blanco Lozano  |p Tomo III 
256 |a Servicio en ln̕ea 
260 |a Barcelona :  |b BOSCH EDITOR,  |c 2007 
300 |a 9-267 p 
650 0 7 |2 Tesauro vLex  |a Penal 
650 0 7 |2 Tesauro vLex  |a Polt̕ica criminal y criminologa̕ 
740 0 |a vLex Libros (Servicios en ln̕ea) 
856 4 0 |z Acceso restringido  |u http://vlex.com/source/2013 
942 |c BOOK